LEADER 00981nam0-22003611i-450- 001 990008090370403321 005 20070831132736.0 010 $a0-387-23229-X 035 $a000809037 035 $aFED01000809037 035 $a(Aleph)000809037FED01 035 $a000809037 100 $a20050415d2005----km-y0itay50------ba 101 0 $aeng 102 $aUS 105 $aa---a---001yy 200 1 $a<>first course in modular forms$fF.Diamond,J.Shurman 210 $aNew York$cSpringer$dc2005 215 $axii,436 p.$d24 cm 225 1 $aGraduate texts in mathematics$v228 610 0 $aForme modulari 676 $a512.7$v22$zita 700 1$aDiamond,$bFred$0303261 701 1$aShurman,$bJerry Michael$0303262 801 0$aIT$bUNINA$gRICA$2UNIMARC 901 $aBK 912 $a990008090370403321 952 $aC-12-(228$b21031$fMA1 959 $aMA1 962 $a11FXX 962 $a11F11 996 $aFirst course in modular forms$9753142 997 $aUNINA LEADER 01314oam 2200445zu 450 001 9910130710203321 005 20241212220408.0 010 $a9781467304825 010 $a1467304824 035 $a(CKB)3420000000000437 035 $a(SSID)ssj0000702778 035 $a(PQKBManifestationID)12278728 035 $a(PQKBTitleCode)TC0000702778 035 $a(PQKBWorkID)10686100 035 $a(PQKB)11442552 035 $a(NjHacI)993420000000000437 035 $a(EXLCZ)993420000000000437 100 $a20160829d2012 uy 101 0 $aeng 135 $aur||||||||||| 181 $ctxt 182 $cc 183 $acr 200 10$a2012 IEEE Workshop on Advanced Robotics and its Social Impacts 210 31$a[Place of publication not identified]$cIEEE$d2012 215 $a1 online resource (107 pages) 300 $aBibliographic Level Mode of Issuance: Monograph 311 08$a9781467304818 311 08$a1467304816 606 $aRobotics$xResearch$vCongresses 606 $aRobots$xDynamics$vCongresses 615 0$aRobotics$xResearch 615 0$aRobots$xDynamics 676 $a629.892 702 $aieee 801 0$bPQKB 906 $aPROCEEDING 912 $a9910130710203321 996 $a2012 IEEE Workshop on Advanced Robotics and its Social Impacts$92546250 997 $aUNINA